000 01239nam a2200325 c 4500
999 _c117233
_d117233
003 BLK
005 20240611093514.0
008 180409b bul|||||r ||||||| ||bul||
010 _aKNG00122819000
040 _aBLK
041 _aBUL
_cBUL
080 _aТехника. Технически науки
_b62
_x.001.2(035)
_z62.001.2(035)
100 1 _aСлодови, Адам
_eпърви автор
_9121509
139 _aСлодови, Адам
_bС 45
245 1 0 _aОбичаш ли да майсториш?
_bРъководство
_cАдам Слодови; прев. от пол. Лина Василева.
257 _aPOL
260 _aСофия
_bТехника
_c1982
300 _a464 с.
_bс ил.
_c22 см
380 _a62
650 4 _aКонструиране
_9159219
653 _aконструиране
700 _aВасилева, Лина
_d1943 -
_gПреводач от полски език.
_qМитрева, Магдалина Василева
_9256069
852 _aЦб 116667
856 4 _qpdf
856 4 _qpdf
942 _cKNG
_n0
_s1
944 _aCR
_c06.02.2018
_k30560
_lГеновева Генчева
944 _aED
_c06.02.2018
_kТеодора_Стоянова
999 _d117233